00491nam a2200193Ia 4500003000400000005001700004008004100021020001800062040000700080041000800087082001500095100001400110245007100124260004300195300001600238365001300254650001500267650001500282OSt20250725095805.0210423s2004 xx 000 0 und d a9781583919910 cAL aeng a150 bCARP aAlan Carr aPositve psychologyb: the science of happiness and human strengths aNew YorkbRoutledge & Kegan Paulc2004 axvi,388bPB b360cINR aPhilosophy aPsychology